Nhớ về Anh Lê Đức Thọ

Tập sách thu thập nhiều tư liệu cần thiết để nghiên cứu LSVN hiện đại, về 2 cuộc kháng chiến chống Pháp và Mỹ, đặc biệt là đấu tranh trên mặt trận ngoại giao tại Paris ( 1968- 1973 ). Sách còn ghi lại một nhân cách cộng sản Việt Nam mẫu m...

Cijeli opis

Spremljeno u:
Bibliografski detalji
Format: Knjiga
Jezik:Undetermined
Izdano: Hà Nội Chính trị Quốc gia 2000
Teme:
Oznake: Dodaj oznaku
Bez oznaka, Budi prvi tko označuje ovaj zapis!
Thư viện lưu trữ: Trung tâm Học liệu Trường Đại học Cần Thơ
LEADER 00891nam a2200157Ia 4500
001 CTU_39594
008 210402s9999 xx 000 0 und d
082 |a 959.7092 
082 |b Nh460 
245 0 |a Nhớ về Anh Lê Đức Thọ 
260 |a Hà Nội 
260 |b Chính trị Quốc gia 
260 |c 2000 
520 |a Tập sách thu thập nhiều tư liệu cần thiết để nghiên cứu LSVN hiện đại, về 2 cuộc kháng chiến chống Pháp và Mỹ, đặc biệt là đấu tranh trên mặt trận ngoại giao tại Paris ( 1968- 1973 ). Sách còn ghi lại một nhân cách cộng sản Việt Nam mẫu mực khiến những quan chức hiện thời khi soi vào phải suy gẫm. 
650 |a communists - vietnam 
980 |a Trung tâm Học liệu Trường Đại học Cần Thơ